Journal of comparative economics: the journal of the Association for Comparative Economic Studies
| Corporate Author: | |
|---|---|
| Format: | Electronic Journal |
| Language: | English |
| Published: |
Orlando, Fla.
Academic Press
1977-
Amsterdam Elsevier 1977- |
| In: | Year: 1977 |
| Online Access: |
Volltext (Frontdoor-Url) Volltext (Publisher) Volltext (Verlag; 1.1977 -) |
| Check availability: | HBZ Gateway |
| Subito Delivery Service: | Order now. |
| Volumes / Articles: | Show volumes/articles. |
| Keywords: |
MARC
| LEADER | 00000cas a2200000 c 4500 | ||
|---|---|---|---|
| 001 | 26689125X | ||
| 003 | DE-627 | ||
| 005 | 20251107170146.0 | ||
| 007 | cr ||||||||||| | ||
| 008 | 990402c19779999ne z| p|o 0 |0eng c | ||
| 016 | 7 | |a 019622007 |2 DE-101 | |
| 016 | 7 | |a 1469033-0 |2 DE-600 | |
| 022 | |a 0147-5967 | ||
| 035 | |a (DE-627)26689125X | ||
| 035 | |a (DE-603)071803734 | ||
| 035 | |a (DE-576)103815694 | ||
| 035 | |a (DE-599)ZDB1469033-0 | ||
| 035 | |a (OCoLC)1368058760 | ||
| 040 | |a DE-627 |b ger |c DE-627 |e rakwb | ||
| 041 | |a eng | ||
| 044 | |c XA-NL |c XD-US | ||
| 082 | 0 | 4 | |a 330 |q DE-600 |
| 084 | |a 85.00 |2 bkl | ||
| 245 | 0 | 0 | |a Journal of comparative economics |b the journal of the Association for Comparative Economic Studies |
| 264 | 3 | 1 | |a Orlando, Fla. |b Academic Press |c 1977- |
| 264 | 3 | 1 | |a Amsterdam |b Elsevier |c 1977- |
| 300 | |a Online-Ressource | ||
| 336 | |a Text |b txt |2 rdacontent | ||
| 337 | |a Computermedien |b c |2 rdamedia | ||
| 338 | |a Online-Ressource |b cr |2 rdacarrier | ||
| 362 | 0 | |a 1.1977 - | |
| 363 | 0 | 1 | |a 1 |i 1977 |
| 500 | |a Gesehen am 21.11.2016 | ||
| 591 | |a HZV!URL-Änderung(28-01-03) | ||
| 650 | 7 | |8 1.1\x |a Systemtransformation |0 (DE-627)091393809 |0 (DE-2867)11127-0 |2 stw | |
| 650 | 7 | |8 1.2\x |a Institutionenökonomik |0 (DE-627)091367972 |0 (DE-2867)11161-0 |2 stw | |
| 650 | 7 | |8 1.3\x |a Wirtschaftswissenschaft |0 (DE-627)091401372 |0 (DE-2867)10032-2 |2 stw | |
| 650 | 7 | |8 1.4\x |a China |0 (DE-627)091353777 |0 (DE-2867)17565-2 |2 stw | |
| 650 | 7 | |8 1.5\x |a GUS-Staaten |0 (DE-627)091364779 |0 (DE-2867)19078-3 |2 stw | |
| 650 | 7 | |8 1.6\x |a Ostmitteleuropa |0 (DE-627)091382017 |0 (DE-2867)19084-1 |2 stw | |
| 650 | 7 | |8 1.7\x |a Welt |0 (DE-627)09140004X |0 (DE-2867)16809-5 |2 stw | |
| 655 | 7 | |a Zeitschrift |0 (DE-588)4067488-5 |0 (DE-627)10454466X |0 (DE-576)20917000X |2 gnd-content | |
| 689 | 0 | 0 | |d s |0 (DE-588)4078943-3 |0 (DE-627)104483636 |0 (DE-576)209210532 |a Volkswirtschaftslehre |2 gnd |
| 689 | 0 | 1 | |d s |0 (DE-588)4067488-5 |0 (DE-627)10454466X |0 (DE-576)20917000X |a Zeitschrift |2 gnd |
| 689 | 0 | |5 DE-101 | |
| 689 | 1 | 0 | |d s |0 (DE-588)4066528-8 |0 (DE-627)106113224 |0 (DE-576)209164964 |a Wirtschaftswissenschaften |2 gnd |
| 689 | 1 | 1 | |d s |0 (DE-588)4067488-5 |0 (DE-627)10454466X |0 (DE-576)20917000X |a Zeitschrift |2 gnd |
| 689 | 1 | 2 | |d s |0 (DE-588)4511937-5 |0 (DE-627)248012134 |0 (DE-576)213199033 |a Online-Ressource |2 gnd |
| 689 | 1 | |5 DE-101 | |
| 689 | 2 | 0 | |d s |0 (DE-588)4066528-8 |0 (DE-627)106113224 |0 (DE-576)209164964 |a Wirtschaftswissenschaften |2 gnd |
| 689 | 2 | 1 | |d s |0 (DE-588)4067488-5 |0 (DE-627)10454466X |0 (DE-576)20917000X |a Zeitschrift |2 gnd |
| 689 | 2 | |5 DE-101 | |
| 710 | 2 | |a Association for Comparative Economic Studies |e Herausgebendes Organ |0 (DE-588)1039854-5 |0 (DE-627)10389263X |0 (DE-576)191372447 |4 isb | |
| 776 | 1 | |x 0147-5967 | |
| 856 | 4 | 0 | |u https://ezb.ur.de/?1469033-0 |x Frontdoor-Url |7 1 |
| 856 | 4 | 0 | |u http://www.journals.elsevier.com/journal-of-comparative-economics |x Verlag |7 1 |
| 856 | 4 | 0 | |u https://www.sciencedirect.com/science/journal/01475967 |x Verlag; 1.1977 - |7 1 |
| 912 | |a ZDB-1-SDJ | ||
| 912 | |a ZDB-296-DEAL1 | ||
| 912 | |a ZDB-296-DEAL2 | ||
| 912 | |a ZDB-296-DEAL4 | ||
| 936 | b | k | |a 85.00 |j Betriebswirtschaft: Allgemeines |q SEPA |0 (DE-627)106420402 |
| 936 | s | n | |a ECS-06001 |2 SKW |
| 938 | 1 | 0 | |0 (DE-627)1756196389 |0 (DE-615)6602146 |a Zeitschrift |2 fivt |
| 938 | 1 | 0 | |0 (DE-627)1756151040 |0 (DE-615)6603147 |a Wirtschaftswissenschaften |2 fivt |
| 951 | |a JT | ||
| ELC | |a 1 | ||
| LOK | |0 000 xxxxxcy a22 3n 4500 | ||
| LOK | |0 001 280594089X | ||
| LOK | |0 003 DE-627 | ||
| LOK | |0 004 26689125X | ||
| LOK | |0 005 20251211090800 | ||
| LOK | |0 007 ccruuuuuuuuuuuu | ||
| LOK | |0 008 140705||||||||||||||||ger||||||| | ||
| LOK | |0 035 |a (DE-600)294016392 | ||
| LOK | |0 040 |a DE-21 |c DE-627 |d DE-21 | ||
| LOK | |0 092 |o k |p n |p p | ||
| LOK | |0 093 |e Volltext online u. Druckausg. |f Nationallizenz |g Kostenpflichtig | ||
| LOK | |0 852 |a DE-21 | ||
| LOK | |0 852 1 |9 00 | ||
| LOK | |0 85640 |u https://ezb.ur.de/detail.phtml?bibid=UBTUE&jour_id=1616 |x EZB | ||
| LOK | |0 85900 |8 1.1 |a 1 |i 1977 | ||
| LOK | |0 85910 |8 1.2 |a 30 |i 2002 | ||
| LOK | |0 866 |x Nationallizenz | ||
| LOK | |0 86630 |a 1.1977 - 30.2002 | ||
| LOK | |0 912 |a natli_elsevier | ||
| LOK | |0 935 |a cofz |a zezb | ||
| LOK | |0 938 |l Volltext online u. Druckausg. |8 0 | ||
| LOK | |0 938 |l Nationallizenz |8 1 | ||
| LOK | |0 938 |l Kostenpflichtig |8 2 | ||
| LOK | |0 939 |a 30-10-18 |b zez | ||
| LOK | |0 000 xxxxxcy a22 3n 4500 | ||
| LOK | |0 001 2805940903 | ||
| LOK | |0 003 DE-627 | ||
| LOK | |0 004 26689125X | ||
| LOK | |0 005 20240413084618 | ||
| LOK | |0 007 ccruuuuuuuuuuuu | ||
| LOK | |0 008 140705||||||||||||||||ger||||||| | ||
| LOK | |0 035 |a (DE-600)294016406 | ||
| LOK | |0 040 |a DE-21 |c DE-627 |d DE-21 | ||
| LOK | |0 092 |o k |p n | ||
| LOK | |0 093 |e Volltext online u. Druckausg. |f Einzellizenz |g Kostenpflichtig | ||
| LOK | |0 852 |a DE-21 | ||
| LOK | |0 852 1 |9 00 | ||
| LOK | |0 85640 |u https://ezb.ur.de/detail.phtml?bibid=UBTUE&jour_id=1616 |x EZB | ||
| LOK | |0 85900 |8 1.1 |a 31 |i 2003 | ||
| LOK | |0 85910 |8 1.2 |a 39 |i 2011 | ||
| LOK | |0 86630 |a 31.2003 - 39.2011 | ||
| LOK | |0 935 |a cofz |a zezb | ||
| LOK | |0 938 |l Volltext online u. Druckausg. |8 0 | ||
| LOK | |0 938 |l Einzellizenz |8 1 | ||
| LOK | |0 938 |l Kostenpflichtig |8 2 | ||
| LOK | |0 939 |a 30-10-18 |b zez | ||
| LOK | |0 000 xxxxxcy a22 3n 4500 | ||
| LOK | |0 001 3007694825 | ||
| LOK | |0 003 DE-627 | ||
| LOK | |0 004 26689125X | ||
| LOK | |0 005 20250210182227 | ||
| LOK | |0 007 ccruuuuuuuuuuuu | ||
| LOK | |0 008 180501||||||||||||||||ger||||||| | ||
| LOK | |0 035 |a (DE-600)445406003 | ||
| LOK | |0 040 |a DE-21 |c DE-627 |d DE-21 | ||
| LOK | |0 092 |o k |p n | ||
| LOK | |0 093 |e Volltext online u. Druckausg. |f Konsortiallizenz |g Kostenpflichtig | ||
| LOK | |0 852 |z Bestellungen nur von nicht-kommerziellen Bibliotheken | ||
| LOK | |0 852 |a DE-21 | ||
| LOK | |0 852 1 |9 00 | ||
| LOK | |0 85640 |u https://ezb.ur.de/detail.phtml?bibid=UBTUE&jour_id=1616 |x EZB | ||
| LOK | |0 85900 |8 1.1 |a 43 |i 2015 | ||
| LOK | |0 85910 |8 1.2 |a 45 |i 2017 | ||
| LOK | |0 866 |x Elsevier Archivkollektion Landeslizenz BaWü | ||
| LOK | |0 86630 |a 43.2015,1 - 45.2017,4 | ||
| LOK | |0 912 |a elsevierarchiv_lbw | ||
| LOK | |0 935 |a cofz |a zezb | ||
| LOK | |0 938 |l Volltext online u. Druckausg. |8 0 | ||
| LOK | |0 938 |l Konsortiallizenz |8 1 | ||
| LOK | |0 938 |l Kostenpflichtig |8 2 | ||
| LOK | |0 939 |a 30-10-18 |b zez | ||
| LOK | |0 000 xxxxxcy a22 3n 4500 | ||
| LOK | |0 001 4524339450 | ||
| LOK | |0 003 DE-627 | ||
| LOK | |0 004 26689125X | ||
| LOK | |0 005 20241227094859 | ||
| LOK | |0 007 ccruuuuuuuuuuuu | ||
| LOK | |0 008 240516||||||||||||||||ger||||||| | ||
| LOK | |0 035 |a (DE-600)1085696847 | ||
| LOK | |0 040 |a DE-21 |c DE-627 |d DE-21 | ||
| LOK | |0 092 |o e |p n | ||
| LOK | |0 093 |e Volltext online u. Druckausg. |f Konsortiallizenz |g Kostenpflichtig | ||
| LOK | |0 852 |a DE-21 | ||
| LOK | |0 852 1 |9 00 | ||
| LOK | |0 85640 |u https://ezb.ur.de/detail.phtml?bibid=UBTUE&jour_id=1616 |x EZB | ||
| LOK | |0 85901 |8 1.1 |a 51 |i 2023 | ||
| LOK | |0 866 |x Elsevier DEAL Core Hybrid | ||
| LOK | |0 86630 |a 51.2023 - | ||
| LOK | |0 912 |a deal_elsevier_core | ||
| LOK | |0 935 |a cofz |a zezb | ||
| LOK | |0 938 |l Volltext online u. Druckausg. |8 0 | ||
| LOK | |0 938 |l Konsortiallizenz |8 1 | ||
| LOK | |0 938 |l Kostenpflichtig |8 2 | ||
| LOK | |0 939 |a 26-03-24 |b zez | ||
| LOK | |0 000 xxxxxcy a22 3n 4500 | ||
| LOK | |0 001 4558692862 | ||
| LOK | |0 003 DE-627 | ||
| LOK | |0 004 26689125X | ||
| LOK | |0 005 20250108213936 | ||
| LOK | |0 007 ccruuuuuuuuuuuu | ||
| LOK | |0 008 240727||||||||||||||||ger||||||| | ||
| LOK | |0 035 |a (DE-600)1114786314 | ||
| LOK | |0 040 |a DE-21 |c DE-627 |d DE-21 | ||
| LOK | |0 092 |o e |p n | ||
| LOK | |0 093 |e Volltext online u. Druckausg. |f Konsortiallizenz |g Kostenpflichtig | ||
| LOK | |0 852 |a DE-21 | ||
| LOK | |0 852 1 |9 00 | ||
| LOK | |0 85640 |u https://ezb.ur.de/detail.phtml?bibid=UBTUE&jour_id=1616 |x EZB | ||
| LOK | |0 85900 |8 1.1 |a 20 |i 1995 | ||
| LOK | |0 85910 |8 1.2 |a 50 |i 2022 | ||
| LOK | |0 866 |x Elsevier DEAL Freedom Collection | ||
| LOK | |0 86630 |a 20.1995 - 50.2022,4 | ||
| LOK | |0 912 |a deal_elsevier_frc | ||
| LOK | |0 935 |a cofz |a zezb | ||
| LOK | |0 938 |l Volltext online u. Druckausg. |8 0 | ||
| LOK | |0 938 |l Konsortiallizenz |8 1 | ||
| LOK | |0 938 |l Kostenpflichtig |8 2 | ||
| LOK | |0 939 |a 06-03-24 |b zez | ||
| ORI | |a SA-MARC-krimdokb001.raw | ||
| SPR | |a 1 |t KRI | ||
